DTM Fahrer 2000 - Statistiken

Allgemein
  • Dieses Quiz wurde 8 mal gespielt
  • Das Durchschnittsergebnis liegt bei 7 aus 21
Antwortstatistiken
Team Nummer Marke Nation Fahrer % Korrekt
D2 AMG-Mercedes 1 Mercedes Deutschland Bernd Schneider
100%
Opel-Team Holzer 17 Opel Deutschland Timo Scheider
67%
Abt Sportsline* 10 Audi Deutschland Christian Abt
50%
Warsteiner AMG-Mercedes 5 Mercedes Deutschland Klaus Ludwig
50%
Abt Sportsline* 9 Audi Frankreich Laurent Aiello
50%
Opel-Team Phoenix 7 Opel Deutschland Manuel Reuter
50%
Opel-Team Holzer 4 Opel Deutschland Joachim Winkelhock
33%
Abt Sportsline 20 Audi Dänemark Kris Nissen
33%
Warsteiner AMG-Mercedes 6 Mercedes Schweiz Marcel Fässler
33%
Team Rosberg 14 & 24 Mercedes Portugal Pedro Lamy
33%
Persson Motorsport 19 Mercedes Großbritannien Peter Dumbreck
33%
Abt Sportsline* 23 Audi Deutschland Roland Asch
33%
Opel-Team Holzer 3 Opel Deutschland Uwe Alzen
33%
Team Rosberg 15 & 42 Mercedes Großbritannien Darren Turner
17%
Opel-Team Holzer 11 Opel Frankreich Eric Helary
17%
Persson Motorsport 18 Mercedes Deutschland Marcel Tiemann
17%
Euroteam 16 Opel Italien Stefano Modena
17%
Opel-Team Irmscher 12 Opel Deutschland Christian Menzel
0%
Abt Sportsline* 21 Audi Großbritannien James Thompson
0%
Opel-Team Phoenix 8 Opel Deutschland Michael Bartels
0%
D2 AMG-Mercedes 2 Mercedes Deutschland Thomas Jäger
0%
Keine übereinstimmenden Quizze gefunden
Verteilung der Resultate
Anzahl Personen mit jedem Resultat
Perzentil nach korrekt beantworteten Fragen
Ihre Resultats-Entwicklung
Sie haben dieses Quiz noch nicht gespielt